TMS 2012 141st annual meeting & exhibition (Record no. 52818)
[ view plain ]
| 000 -LEADER | |
|---|---|
| fixed length control field | 01614nam a2200385 a 4500 |
| 082 04 - DEWEY DECIMAL CLASSIFICATION NUMBER | |
| Classification number | 620.11 |
| 245 10 - TITLE STATEMENT | |
| Title | TMS 2012 141st annual meeting & exhibition |
| 260 ## - PUBLICATION, DISTRIBUTION, ETC. (IMPRINT) | |
| Place of publication | Hoboken, N.J. : |
| Name of publisher | Wiley, |
| Year of publication | c2012. |
| 300 ## - PHYSICAL DESCRIPTION | |
| Number of Pages | xix, 1024 p. : |
| Other physical details | ill. |
| 500 ## - GENERAL NOTE | |
| General note | "A collection of papers from the TMS 2012 Annual Meeting and Exhibition, held March 11-March 15, in Orlando, Florida, USA." |
| 650 #0 - SUBJECT ADDED ENTRY--TOPICAL TERM | |
| Topical Term | Materials |
| Topical Term | Metals |
| Topical Term | Minerals |
| Topical Term | Materials science |
| 856 40 - ELECTRONIC LOCATION AND ACCESS | |
| Uniform Resource Identifier | http://site.ebrary.com/lib/rucke/Doc?id=10630586 |
No items available.
